| 000 | 00726nam a22002417a 4500 | ||
|---|---|---|---|
| 999 |
_c328606 _d328606 |
||
| 001 | 42465 | ||
| 003 | UA-OsUOA | ||
| 005 | 20230504161235.0 | ||
| 007 | ta | ||
| 008 | 20061106b un ||||| |||| 00| 0 ukr d | ||
| 040 |
_aUA-OsUOA _brus _cUA-OsUOA _dUA-OsUOA |
||
| 041 | _arus | ||
| 080 | _a024(075) | ||
| 090 |
_a024(075) _bП32 |
||
| 100 | _aПилко И. С. | ||
| 245 |
_aИнформационные и библиотечные технологии _bучеб. пособ. |
||
| 260 |
_aСПб _bПрофессия _c2006 |
||
| 300 | _a342 с. | ||
| 650 | 7 |
_a02 Бібліотечна справа _2UDC |
|
| 942 |
_cBK _2udc |
||
| 955 | _a1 | ||